Normal view MARC view
  •  MS- Management and Human Resource

Entry Topical Term

Number of records used in: 1

001 - CONTROL NUMBER

  • control field: 125088

003 - CONTROL NUMBER IDENTIFIER

  • control field: NUST

005 - DATE AND TIME OF LATEST TRANSACTION

  • control field: 20240812102608.0

008 - FIXED-LENGTH DATA ELEMENTS

  • fixed length control field: 240812|| aca||aabn | a|a d

040 ## - CATALOGING SOURCE

  • Original cataloging agency: NUST
  • Transcribing agency: NUST

150 ## - HEADING--TOPICAL TERM

  • Topical term or geographic name entry element:  MS- Management and Human Resource

670 ## - SOURCE DATA FOUND

  • Source citation: Work cat.: (NUST): Saghar, Hooryia 125087, Building Bridges to Employee Productivity: Investigating the Interplay of Talent Management Practices, Psychological Safety, Person-Organization Fit, and Employee Performance in the Hospitality Sector of Pakistan/
© 2023 Central Library, National University of Sciences and Technology. All Rights Reserved.